1788 1654 1085 1830 1287 1797 1197 1833 1262 1623 1177 1652 1343 1486 1664 1858 1761 1001 1791 1226 1157 1949 1772 1411 1627 1587 1372 1170 1237 1321 1388 1354 1691 1995 1187 1559 1244 1699 1290 1049 1143 1722 1875 1231 1549 1014 1732 1086 1725 1905 1302 1256 1972 1562 1065 1178 1248 1724 1792 1235 1508 1278 1618 1662 1446 1254 1029 1294 1466 1262 1469 1739 1339 1841 1417 1472 1326 1164 1115 1287 1393 1309 1051 1423 1460 1049 1124 1646 1250 1596 1563 1593 1819 1834 1583 1495 1661 1398 1408 BCNSPRNW ULIB Ver.6.0+V

เปลี่ยนเป็นภาษาไทย

Change to English
 แสดงรายละเอียดบรรณานุกรม
  กลับหน้าหลัก

Brief Record : Get Marc (ISO 2709) : E-mail record : QR code < ปิดหน้าต่าง
LEADER : 00000nam 2200000uu 4500
001    13399127871
003     ULIB
008    211019s2563||||th 000 0 tha d
020    ^a9786165657150
050  4 ^aPE1128^bส698c
100 0  ^aสำราญ คำยิ่ง
245 10 ^aComplete your English grammar with advanced English grammar for high learners /^cสำราญ คำยิ่ง
246 30 ^aAdvanced English grammar for high learners
250    ^aพิมพ์ครั้งที่ 6
260    ^aกรุงเทพฯ :^bห้างหุ้นส่วนจำกัด วี.เจ.พริ้นติ้ง,^c2563
300    ^a728 หน้า ;^c27 ซม.
505 0  ^aGrammar review and terminology -- Nouns -- Number of nouns-- Articles -- Pronouns -- Verbs -- Adverbs -- Adjective -- Propositions and idioms -- Conjunctions -- Questionwords -- Agreement of subjects and verbs -- Tenses --Active and passive voice -- Direct and indirect speech --Non-finite verbs -- If-sentence and subjunctive --Sequence of tense -- Sentences, clauses and phrases --Relative clauses -- Question tag -- Inversion of verb andadverb -- Word building -- The use of confused words --Compound words -- Interjection -- Combination of sentences-- Comparison of adjectives and adverbs -- The use ofgenitive (s, of) -- Number and how to read --Punctuations and capitalization -- Pronunciation --ตัวอย่างข้อสอบภาษาอังกฤษเข้ามหาวิทยาลัย ปีการศึกษา 2528พร้อมเฉลยอย่างละเอียด
650  0 ^aEnglish language^vExaminations, questions, etc.
650  0 ^aEnglish language^xGrammar
650  0 ^aEnglish language^xUsage
650  4 ^aภาษาอังกฤษ^vข้อสอบและเฉลย
650  4 ^aภาษาอังกฤษ^xไวยากรณ์
650  4 ^aภาษาอังกฤษ^xการใช้ภาษา
945    ^p220^l0^i008472
999    ^aประนอม เกษจรัล
รายการนี้ยังไม่มีแท็ก
คุณยังไม่ได้ล็อกอิน คุณสามารถมีกิจกรรมร่วมกับเว็บไซต์ได้ แต่ต้องล็อกอินก่อน ::
  ล็อกอิน

รายการสื่อสารสนเทศ

ลำดับที่ ประเภท เลขเรียก/บาร์โค้ด สถานที่ สถานะ
1. การศึกษาทั่วไป
หนังสือสำรอง
สถานะ=หนังสือสำรอง
PE1128 ส698c ฉ.1 
  Barcode: 008472
ห้องสมุดวิทยาเขตสวรรค์ประชารักษ์
►หนังสือทั่วไป
ถูกยืม กำหนดส่งวันที่ 11 เมษายน 2568
  จอง

รายการใกล้เคียง
    ผู้แต่ง [สำราญ คำยิ่ง]

    หัวเรื่อง [English language Grammar]
    หัวเรื่อง [ภาษาอังกฤษ การใช้ภาษา]

BibComment


ยังไม่เคยถูกคอมเมนท์

คอมเมนท์ทรัพยากรรายการนี้
  คอมเมนท์: Complete your En..


 Copyright 2026. Bcnsprnw @Library